Modern Control Engineering (Record no. 30537)

MARC details
000 -LEADER
fixed length control field 00344nam a22001457a 4500
003 - CONTROL NUMBER IDENTIFIER
control field OSt
005 - DATE AND TIME OF LATEST TRANSACTION
control field 20220216101636.0
008 - FIXED-LENGTH DATA ELEMENTS--GENERAL INFORMATION
fixed length control field 220216b |||||||| |||| 00| 0 eng d
020 ## - INTERNATIONAL STANDARD BOOK NUMBER
International Standard Book Number 139780137133376
040 ## - CATALOGING SOURCE
Transcribing agency H U
082 ## - DEWEY DECIMAL CLASSIFICATION NUMBER
Edition number 5th
Classification number 629.8
100 ## - MAIN ENTRY--PERSONAL NAME
Personal name Ogata Katsuhiko
9 (RLIN) 30648
245 ## - TITLE STATEMENT
Title Modern Control Engineering
942 ## - ADDED ENTRY ELEMENTS (KOHA)
Source of classification or shelving scheme Dewey Decimal Classification
Koha item type Books like text book referance book
Suppress in OPAC No
Holdings
Withdrawn status Lost status Source of classification or shelving scheme Damaged status Not for loan Home library Current library Shelving location Date acquired Total Checkouts Full call number Barcode Date last seen Copy number Price effective from Koha item type
    Dewey Decimal Classification     IoT Library IoT Library General Stacks 02/16/2022   629.8/OGA/2010 IOTL0013139 02/16/2022 1 02/16/2022 Books like text book referance book
    Dewey Decimal Classification     IoT Library IoT Library General Stacks 02/16/2022   629.8/OGA/2010 IOTL0013140 02/16/2022 2 02/16/2022 Books like text book referance book
    Dewey Decimal Classification     IoT Library IoT Library General Stacks 02/16/2022   629.8/OGA/2010 IOTL0013141 02/16/2022 3 02/16/2022 Books like text book referance book
    Dewey Decimal Classification     IoT Library IoT Library General Stacks 02/16/2022   629.8/OGA/2010 IOTL0013142 02/16/2022 4 02/16/2022 Books like text book referance book
    Dewey Decimal Classification     IoT Library IoT Library General Stacks 03/15/2022   629.8/OGA/2010 IOTL0007689 03/15/2022 5 03/15/2022 Books like text book referance book
    Dewey Decimal Classification     IoT Library IoT Library General Stacks 03/15/2022   629.8/OGA/2010 IOTL0017477 03/15/2022 6 03/15/2022 Books like text book referance book